• 首页
  • 本馆介绍
  • 公告通知
  • 最新文献
  • 馆藏检索
  • 电子资源
  • 读者导购
  • 参考咨询
  • 我的图书馆
  • 登录
  • 详细信息显示
  • 放入我的书架
  • 预约/预借图书
  • 作者相关作品
  • 分类相关作品
  • 丛书相关作品
  • 出版社相关作品

书目信息

  • 表格格式
  • 工作单格式
  • 卡片格式
题名:
现代新儒学与自由主义
    
 
作者: 谢晓东 著
分册:  
出版信息: 北京   东方出版社  2008
页数: 331页
开本: 23cm
丛书名: 国学新知文库
单 册:
中图分类: B244.05
科图分类:
主题词: 政治哲学 , 哲学--中国--辽宋金元时代
电子资源:
ISBN: 978-7-5060-3083-0
000 01195oam2 2200301 450
001 1154398055
005 20111003150731.12
010    @a978-7-5060-3083-0@b精装@dCNY55.00
100    @a20080718d2008 kemy0chiy50 ea
101 0  @achi
102    @aCN@b110000
105    @ay z 000yy
200 1  @a现代新儒学与自由主义@9xian dai xin ru xue yu zi you zhu yi@e徐复观殷海光政治哲学比较研究@f谢晓东著
210    @a北京@c东方出版社@d2008
215    @a331页@d23cm
225 2  @a国学新知文库
330    @a本书围绕自由主义中国化与儒家政治哲学的现代重构这两条线索,在重新定位徐复观、殷海光政治哲学的基础之上,逻辑地再现了他们思想的异同叠合,从而凸显了现代新儒学与自由主义西化派在政治哲学领域复杂而微妙的关系。
461  0 @12001 @a国学新知文库
517 1  @a徐复观殷海光政治哲学比较研究@9xu fu guan yin hai guang zheng zhi zhe xue bi jiao yan jiu
600  0 @a徐复观@f(1903~1982)@x政治哲学@x研究
600  0 @a殷海光@f(1919~1969)@x政治哲学@x研究
600  0 @a徐复观@f(1903~1982)
606 0  @a政治哲学
606 0  @a哲学@x中国@x辽宋金元时代
690    @aB244.05@v4
701  0 @a谢晓东@9xie xiao dong@f(1977.10~)@4著
801  0 @aCN@b91MARC@c20101222
905    @a10447@dB244.05@eJY234
    
    现代新儒学与自由主义:徐复观殷海光政治哲学比较研究/谢晓东著.-北京:东方出版社,2008
    331页;23cm.-(国学新知文库)
    
    
    ISBN 978-7-5060-3083-0(精装):CNY55.00
    本书围绕自由主义中国化与儒家政治哲学的现代重构这两条线索,在重新定位徐复观、殷海光政治哲学的基础之上,逻辑地再现了他们思想的异同叠合,从而凸显了现代新儒学与自由主义西化派在政治哲学领域复杂而微妙的关系。
●
相关链接 在E读中查询图书 在五车中查询图书 在当当中查询图书 在豆瓣中查询图书


正题名:现代新儒学与自由主义     索取号:B244.05/JY234         预约/预借

序号 登录号 条形码 馆藏地/架位号 状态 备注
1 7824803   278248031   学院路分馆/ [索取号:B244.05/JY234] 在馆    
2 7824804   278248040   学院路分馆/ [索取号:B244.05/JY234] 在馆    
3 7824805   278248059   学院路分馆/ [索取号:B244.05/JY234] 在馆    
欢迎您!
大连网信软件有限公司© 版权所有